| 000 | 03361cam a22006374i 4500 | ||
|---|---|---|---|
| 003 | PE-LiUPU | ||
| 005 | 20250731172739.0 | ||
| 008 | 150617s1975 ag r 000 0 spa d | ||
| 035 | _a(Sirsi) a11921 | ||
| 040 |
_aPE-LiUPU _bspa _cPE-LiUPU _erda |
||
| 049 | _aPRUA | ||
| 082 | 0 | 4 |
_a230.1 _bR14 _221 |
| 100 | 1 |
_aRamm, Bernard, _eautor. |
|
| 245 | 1 | 0 |
_aDiccionario de teología contemporánea / _cBernard Ramm. |
| 264 | 1 |
_aBuenos Aires : _bCasa Bautista de Publicaciones, _c1975. |
|
| 300 |
_a143 páginas ; _c21 centímetros |
||
| 336 |
_atext _2rdacontent |
||
| 337 |
_aunmediated _2rdamedia |
||
| 338 |
_avolume _2rdacarrier |
||
| 505 | 0 | _aDiccionario de teología contemporánea de la A - Y. | |
| 526 | _aSEG42 | ||
| 526 | _aSEG41 | ||
| 526 | _aSEG40 | ||
| 526 | _aSEG39 | ||
| 526 | _aP94 | ||
| 526 | _aP87 | ||
| 526 | _aP86 | ||
| 526 | _aP85 | ||
| 526 | _aP77 | ||
| 526 | _aP76 | ||
| 526 | _aP35 | ||
| 650 | 0 | 4 |
_aTeología _xDiccionarios. |
| 910 |
_ajck _bjvq _cjck _d20150616 |
||
| 942 |
_2ddc _cBOOK |
||
| 949 |
_a230.1 R14 _wDEWEY _c1 _i16541 _lCCODEBUL1 _mBUL _p212 _r0 _sY _tBOOK _u19780525 _xTEOLOGIA _PP35 _0COMPRA _o.STAFF. Colección Teología |
||
| 949 |
_a230.1 R14 _wDEWEY _c2 _i17949 _lCCODEBUL1 _mBUL _p212 _r0 _sY _tBOOK _u19780525 _xTEOLOGIA _PP35 _0COMPRA _o.STAFF. Colección Teología |
||
| 949 |
_a230.1 R14 _wDEWEY _c3 _i15620 _lCCODEBUL1 _mBUL _p212 _r0 _sY _tBOOK _u19780525 _xTEOLOGIA _PP35 _0COMPRA _o.STAFF. Colección Teología |
||
| 949 |
_a230.1 R14 _wDEWEY _c4 _i16540 _lCCODEBUL1 _mBUL _p212 _r0 _sY _tBOOK _u19780525 _xTEOLOGIA _PP35 _0COMPRA _o.STAFF. Colección Teología |
||
| 949 |
_a230.1 R14 _wDEWEY _c5 _i16542 _lCCODEBUL1 _mBUL _p212 _r0 _sY _tBOOK _u19780525 _xTEOLOGIA _PP35 _0COMPRA _o.STAFF. Colección Teología |
||
| 994 |
_aC0 _bPEPRU |
||
| 596 | _a1 2 | ||
| 999 |
_a230.1 R14 _wDEWEY _c2122 _i16541 _d2122 _f2021-11-11 _g6 _lCCODEBUL1 _mBUL _q3 _r0 _sY _tBOOK _u2015-6-17 _xTEOLOGIA _PP35 _0COMPRA _o.STAFF. Colección general |
||
| 999 |
_a230.1 R14 _wDEWEY _c2 _i17949 _d2017-10-3 _e2017-10-2 _f2021-11-11 _g6 _lCCODEBUL1 _mBUL _n4 _p10.00 _r0 _sY _tBOOK _u2015-6-17 _xTEOLOGIA _PP35 _0COMPRA _o.STAFF. Colección Teología |
||
| 999 |
_a230.1 R14 _wDEWEY _c3 _i15620 _f2021-11-11 _g6 _lCCODEBUL1 _mBUL _r0 _sY _tBOOK _u2015-6-17 _xTEOLOGIA _PP35 _0COMPRA _o.STAFF. Colección general |
||
| 999 |
_a230.1 R14 _wDEWEY _c4 _i16540 _d2018-3-9 _e2018-3-8 _f2021-11-11 _g6 _lCCODEBUL1 _mBUL _n2 _p212.00 _q1 _r0 _sY _tBOOK _u2015-6-17 _xTEOLOGIA _PP35 _0COMPRA _o.STAFF. Colección Teología |
||
| 999 |
_a230.1 R14 _wDEWEY _c5 _i16542 _d2017-11-16 _e2017-11-13 _f2021-11-11 _g6 _lCCODEBUL1 _mBUL _n2 _p212.00 _q1 _r0 _sY _tBOOK _u2015-6-17 _xTEOLOGIA _PP35 _0COMPRA _o.STAFF. Colección Teología |
||
| 999 |
_a230.1 R14 _wDEWEY _c1 _iFT00029 _f2019-2-20 _g1 _lCCODEBUT1 _mBUT _p10.00 _r0 _sY _tBOOK _u2015-10-28 _xBIBLIOTECA _PP35 _0DONACION _o.STAFF. Colección General |
||
| 999 |
_a230.1 R14 _wDEWEY _c2 _iFT00809 _f2019-2-20 _g1 _lCCODEBUT1 _mBUT _p10.00 _r0 _sY _tBOOK _u2015-10-29 _xBIBLIOTECA _PP35 _0DONACION _o.STAFF. Colección General |
||
| 980 |
_81 _gALBERTO SANCHEZ Responsable de Automatización |
||